Statistics for Freeways of Greater Los Angeles

Click here to take the quiz!

General Stats

  • This quiz has been taken 69 times
  • The average score is 33 of 41

Answer Stats

Answer % Correct
1 - Pacific Coast Highway
100%
5 - Golden State Freeway
100%
5 - San Diego Freeway
100%
5 - Santa Ana Freeway
100%
10 - San Bernardino Freeway
100%
10 - Santa Monica Freeway
100%
2 - Glendale Freeway
98%
101 - Hollywood Freeway
95%
101 - Ventura Freeway
95%
15 - Corona Freeway
92%
15 - Ontario Freeway
92%
15 - Temecula Valley Freeway
92%
15 - Barstow Freeway
92%
60 - Pomona Freeway
88%
60 - Moreno Valley Freeway
88%
405 - San Diego Freeway
88%
110 - Harbor Freeway
85%
91 - Artesia Freeway
85%
91 - Riverside Freeway
85%
110 - Arroyo Seco Parkway
83%
210 - Foothill Freeway
81%
71 - Chino Valley Freeway
81%
14 - Antelope Valley Freeway
81%
105 - Century or Glenn Anderson Freeway
78%
22 - Garden Grove Freeway
78%
605 - San Gabriel River Freeway
76%
710 - Long Beach Freeway
76%
90 - Marina Freeway
76%
57 - Orange Freeway
76%
55 - Costa Mesa Freeway
76%
118 - Ronald Reagan Freeway
69%
73 - Corona del Mar Freeway
69%
134 - Ventura Freeway
64%
215 - Riverside Freeway
64%
215 - Escondido Freeway
63%
23 - Moorpark Freeway
58%
103 - Terminal Island Freeway
56%
133 - Laguna Freeway
56%
170 - Hollywood Freeway
54%
126 - Santa Paula Freeway
47%
47 - Seaside Freeway / Vincent Thomas Bridge
46%

Score Distribution

Percentile by Number Answered

Percent of People with Each Score

Your Score History

You have not taken this quiz